000 00317nam a22001097a 4500
082 _a808.1 EIG'B
100 _aBRANDER, LAURANCE
_957841
245 _aEIGHT POETS WORDSWORTH COLERIDGE BYRON SHELLY KEATS TENNYSON BROWNING AND ARNOLD
260 _aKARACHI
_bPAKISTAN BRANCH OXFORD
_c1957
300 _a216P
942 _cBK
999 _c568092
_d568092